[Event "Leuven op 34th"]
[Site "Leuven"]
[Date "2023.11.11"]
[Round "4"]
[White "Verboven, Wout"]
[Black "Maerevoet, Sim"]
[Result "1/2-1/2"]
[WhiteElo "2031"]
[BlackElo "2449"]
[PlyCount "56"]
[EventDate "2023.11.09"]
[EventType "swiss"]
[EventRounds "7"]
[EventCountry "BEL"]
[SourceTitle "CB46_2023"]
[SourceDate "2023.11.15"]
[SourceVersion "1"]
[SourceVersionDate "2023.11.15"]
[SourceQuality "1"]

1. Nf3 b6 2. d4 Bb7 3. g3 Nf6 4. Bg2 g6 5. b3 Bg7 6. Bb2 0-0 7. 0-0 e6 8. c4 d5 9. Nc3 Ne4 10. Qc2 Nxc3 11. Bxc3 Nd7 12. Rad1 Qe7 13. Nd2 f5 14. b4 Nf6 15. e3 h5 16. b5 Ne4 17. Qb3 Nxc3 18. Qxc3 Rfc8 19. Qb3 Qd7 20. cxd5 exd5 21. e4 a6 22. bxa6 Rxa6 23. exd5 Kh8 24. Rfe1 Rd8 25. d6 Bxg2 26. dxc7 Qxc7 27. Kxg2 Rxd4 28. Nf3 Rxd1 1/2-1/2

[Event "Titled Tuesday intern op 19th Sep Early"]
[Site "Chess.com INT"]
[Date "2023.09.19"]
[Round "8"]
[White "Zavgorodniy, Sergiy"]
[Black "Maerevoet, Sim"]
[Result "1/2-1/2"]
[WhiteElo "2416"]
[BlackElo "2437"]
[PlyCount "153"]
[EventDate "2023.09.19"]
[EventType "swiss (blitz)"]
[EventRounds "11"]
[EventCountry "USA"]
[SourceTitle "EXT 2024"]
[Source "ChessBase"]
[SourceDate "2023.10.10"]
[SourceVersion "1"]
[SourceVersionDate "2023.10.10"]
[SourceQuality "1"]

1. e4 c5 2. Nf3 e6 3. d3 d5 4. Qe2 Nf6 5. g3 Nc6 6. Bg2 Be7 7. 0-0 0-0 8. e5 Nd7 9. c4 a6 10. h4 b5 11. cxd5 exd5 12. Bf4 Nb6 13. Qe3 Be6 14. Nbd2 Rc8 15. Rac1 Qd7 16. h5 d4 17. Qe2 h6 18. Ne4 Nb4 19. Qd2 Rc6 20. Bxh6 gxh6 21. Qxh6 N6d5 22. Nf6+ Nxf6 23. exf6 Bxf6 24. Qxf6 Bxa2 25. Qg5+ Kh8 26. Rxc5 f6 27. Qh6+ Kg8 28. Qg6+ Qg7 29. Rxc6 Qxg6 30. hxg6 Nxc6 31. Ra1 Nb4 32. Nxd4 Rd8 33. Nf5 Be6 34. Be4 Bxf5 35. Bxf5 Kg7 36. Rc1 Nd5 37. Rc6 a5 38. f4 Kh6 39. Ra6 a4 40. Ra7 Rh8 41. Rd7 Ne3 42. g4 b4 43. Rb7 a3 44. bxa3 bxa3 45. Ra7 Nc2 46. Kf2 Nd4 47. Rxa3 Nxf5 48. gxf5 Rd8 49. Ra7 Kh5 50. Rh7+ Kg4 51. g7 Rg8 52. Ke3 Kxf5 53. Kd4 Kg6 54. Rh8 Rxg7 55. Rd8 Ra7 56. Rd6 Kf5 57. Ke3 Ra4 58. Rd5+ Kg4 59. f5 Rb4 60. d4 Rb3+ 61. Ke4 Rb1 62. Ra5 Re1+ 63. Kd5 Kxf5 64. Ra2 Kg4 65. Rf2 f5 66. Kd6 f4 67. d5 Kg3 68. Ra2 f3 69. Ra3 Kf4 70. Rxf3+ Kxf3 71. Kc6 Ke4 72. d6 Rc1+ 73. Kb7 Rb1+ 74. Kc7 Rc1+ 75. Kb7 Rd1 76. Kc7 Rc1+ 77. Kb7 1/2-1/2

[Event "Titled Tuesday intern op 12th Sep Early"]
[Site "Chess.com INT"]
[Date "2023.09.12"]
[Round "2"]
[White "Maerevoet, Sim"]
[Black "Gogolev, Artem"]
[Result "1-0"]
[WhiteElo "2437"]
[BlackElo "2250"]
[PlyCount "45"]
[EventDate "2023.09.12"]
[EventType "swiss (blitz)"]
[EventRounds "11"]
[EventCountry "USA"]
[SourceTitle "EXT 2024"]
[Source "ChessBase"]
[SourceDate "2023.10.10"]
[SourceVersion "1"]
[SourceVersionDate "2023.10.10"]
[SourceQuality "1"]

1. e4 c6 2. d4 d5 3. exd5 cxd5 4. Bd3 Nf6 5. h3 Qc7 6. Nc3 a6 7. Nce2 Nc6 8. c3 e6 9. Bf4 Bd6 10. Bxd6 Qxd6 11. Nf3 0-0 12. 0-0 b5 13. a3 Rb8 14. Re1 a5 15. b4 a4 16. Rc1 Qc7 17. Ng3 Ba6 18. Re3 Rfc8 19. Rc2 Qb6 20. Ne5 Ne7 21. Nh5 Nxh5 22. Bxh7+ Kxh7 23. Qxh5+ 1-0

[Event "Titled Tuesday intern op 12th Sep Early"]
[Site "Chess.com INT"]
[Date "2023.09.12"]
[Round "4"]
[White "Maerevoet, Sim"]
[Black "Marcziter, Dmitrii"]
[Result "1-0"]
[WhiteElo "2437"]
[BlackElo "2236"]
[PlyCount "99"]
[EventDate "2023.09.12"]
[EventType "swiss (blitz)"]
[EventRounds "11"]
[EventCountry "USA"]
[SourceTitle "EXT 2024"]
[Source "ChessBase"]
[SourceDate "2023.10.10"]
[SourceVersion "1"]
[SourceVersionDate "2023.10.10"]
[SourceQuality "1"]

1. e4 e5 2. Nf3 Nc6 3. d4 exd4 4. Nxd4 Bc5 5. Nb3 Bb6 6. Nc3 Nge7 7. a4 a6 8. Nd5 Ba7 9. Bc4 Ne5 10. Be2 d6 11. 0-0 c6 12. Nc3 0-0 13. Kh1 f5 14. f4 N5g6 15. Bd3 Be6 16. Bd2 Qd7 17. Qe2 Rae8 18. Rae1 d5 19. e5 c5 20. Be3 d4 21. Rd1 Qc8 22. Na5 dxe3 23. Nc4 Bxc4 24. Bxc4+ Kh8 25. Qxe3 Nc6 26. Rd6 Nge7 27. Rf3 Na5 28. Be6 Qc7 29. Rh3 g6 30. Qg3 Nc8 31. Rd7 Re7 32. Rxc7 Rxc7 33. Qxg6 Rg7 34. Qh6 Ne7 35. Rg3 Ng6 36. Nd5 Nc6 37. h4 Nd8 38. Bc8 Nf7 39. Qh5 Rxc8 40. Qxf5 Rf8 41. h5 Nfxe5 42. Qe4 Nxf4 43. Rxg7 Kxg7 44. Qxe5+ Kg8 45. Nxf4 Bb8 46. Qe6+ Kh8 47. Ne2 Rf1+ 48. Ng1 Rf8 49. h6 Bg3 50. Qe7 1-0

[Event "Titled Tuesday intern op 12th Sep Early"]
[Site "Chess.com INT"]
[Date "2023.09.12"]
[Round "9"]
[White "Maerevoet, Sim"]
[Black "Urazayev, Arystanbek"]
[Result "1/2-1/2"]
[WhiteElo "2437"]
[BlackElo "2478"]
[PlyCount "98"]
[EventDate "2023.09.12"]
[EventType "swiss (blitz)"]
[EventRounds "11"]
[EventCountry "USA"]
[SourceTitle "EXT 2024"]
[Source "ChessBase"]
[SourceDate "2023.10.10"]
[SourceVersion "1"]
[SourceVersionDate "2023.10.10"]
[SourceQuality "1"]

1. e4 c5 2. b4 cxb4 3. a3 d5 4. exd5 Nf6 5. axb4 Nxd5 6. b5 e5 7. Bc4 Nb6 8. Bb3 Bc5 9. Nc3 0-0 10. Qh5 g6 11. Qe2 Bf5 12. Bb2 N8d7 13. g4 Be6 14. Bxe6 fxe6 15. Nf3 Qf6 16. Ng1 Bxf2+ 17. Kd1 Bd4 18. Nh3 Nc5 19. Ne4 Nxe4 20. Bxd4 exd4 21. Qxe4 d3 22. c3 Nc4 23. Kc1 Qf1+ 24. Qe1 Qxe1+ 25. Rxe1 e5 26. Ra4 Nb6 27. Rae4 Rae8 28. R1e3 Nd7 29. Rc4 Rf1+ 30. Kb2 e4 31. Rexe4 Rxe4 32. Rxe4 Rd1 33. c4 Rxd2+ 34. Kc3 Rxh2 35. Ng5 d2 36. Rd4 Ne5 37. c5 h6 38. Ne4 Nf3 39. Rd7 h5 40. Nf6+ Kf8 41. Nh7+ Ke8 42. Nf6+ Kf8 43. gxh5 gxh5 44. c6 bxc6 45. bxc6 Rh1 46. Nh7+ Kg8 47. Nf6+ Kf8 48. Nh7+ Kg8 49. Nf6+ Kf8 1/2-1/2

[Event "Titled Tuesday intern op 05th Sep Early"]
[Site "Chess.com INT"]
[Date "2023.09.05"]
[Round "8"]
[White "Maerevoet, Sim"]
[Black "Mariano, Nelson III"]
[Result "0-1"]
[WhiteElo "2437"]
[BlackElo "2196"]
[PlyCount "88"]
[EventDate "2023.09.05"]
[EventType "swiss (blitz)"]
[EventRounds "11"]
[EventCountry "USA"]
[SourceTitle "EXT 2024"]
[Source "ChessBase"]
[SourceDate "2023.10.10"]
[SourceVersion "1"]
[SourceVersionDate "2023.10.10"]
[SourceQuality "1"]

1. e4 d5 2. exd5 Qxd5 3. Nf3 Bg4 4. Be2 Nc6 5. d4 0-0-0 6. c4 Qa5+ 7. Bd2 Qa6 8. d5 Bxf3 9. Bxf3 Nd4 10. Na3 e5 11. Nb5 Nxb5 12. cxb5 Qxb5 13. a4 Qd3 14. Rc1 Qa6 15. Qc2 Bd6 16. b4 Nf6 17. b5 Qb6 18. 0-0 Ba3 19. a5 Qd6 20. Ra1 e4 21. Bxe4 Nxe4 22. Qxe4 Qxd5 23. Qe3 Bc5 24. Qh3+ Qd7 25. Qxd7+ Rxd7 26. Bf4 Rd4 27. Be5 Rd5 28. Bxg7 Rg8 29. Bf6 Rg6 30. Bh4 Bd6 31. Bg3 Rxb5 32. a6 Bxg3 33. fxg3 f5 34. axb7+ Kxb7 35. Ra4 a5 36. Rh4 h6 37. Rh5 Ra6 38. g4 a4 39. gxf5 a3 40. f6 Rxh5 41. f7 Ra8 42. f8Q Rxf8 43. Rxf8 a2 44. Rf1 Rb5 0-1

[Event "BEL-chT 2223"]
[Site "Belgium"]
[Date "2023.03.19"]
[Round "9.3"]
[White "Maerevoet, Sim"]
[Black "Colijn, Stefan"]
[Result "0-1"]
[WhiteElo "2413"]
[BlackElo "2264"]
[PlyCount "40"]
[EventDate "2022.09.25"]
[EventType "team-tourn"]
[EventRounds "11"]
[EventCountry "BEL"]
[SourceTitle "CBM 213 Extra"]
[Source "ChessBase"]
[SourceDate "2023.05.31"]
[SourceVersion "1"]
[SourceVersionDate "2023.05.31"]
[SourceQuality "1"]
[WhiteTeam "KBSK Brugge"]
[BlackTeam "Mechelen"]
[WhiteTeamCountry "BEL"]
[BlackTeamCountry "BEL"]

1. c4 e6 2. Nc3 d5 3. d4 Nf6 4. cxd5 exd5 5. Bg5 c6 6. e3 h6 7. Bh4 Be7 8. Qc2 0-0 9. Bd3 Re8 10. Nf3 Ne4 11. Bxe7 Qxe7 12. Bxe4 dxe4 13. Ne5 Nd7 14. Nxd7 Bxd7 15. 0-0 Rad8 16. b4 Bg4 17. Rab1 Rd6 18. b5 Rg6 19. Kh1 Qh4 20. bxc6 Bf3 0-1

[Event "NED-chT 2223"]
[Site "Netherlands"]
[Date "2023.03.11"]
[Round "7.6"]
[White "Dignum, Erik"]
[Black "Maerevoet, Sim"]
[Result "1/2-1/2"]
[WhiteElo "2002"]
[BlackElo "2413"]
[PlyCount "135"]
[EventDate "2022.09.17"]
[EventType "team-tourn"]
[EventRounds "9"]
[EventCountry "NED"]
[SourceTitle "CBM 213 Extra"]
[Source "ChessBase"]
[SourceDate "2023.05.31"]
[SourceVersion "1"]
[SourceVersionDate "2023.05.31"]
[SourceQuality "1"]
[WhiteTeam "De Stukkenjagers"]
[BlackTeam "Charlois Europoort"]
[WhiteTeamCountry "NED"]
[BlackTeamCountry "NED"]

1. d4 d5 2. Bg5 h6 3. Bh4 c6 4. e3 Qb6 5. Qc1 Bf5 6. Nd2 Nd7 7. c4 Ngf6 8. c5 Qd8 9. b4 e5 10. Ngf3 e4 11. Ng1 a6 12. a4 Be7 13. Bg3 Nh5 14. Ne2 Nxg3 15. hxg3 0-0 16. Nc3 Nf6 17. Be2 Qc7 18. b5 Ng4 19. b6 Qd7 20. Nb3 Bg5 21. Na5 g6 22. Nd1 h5 23. Kd2 Kg7 24. Kc3 Rh8 25. Qd2 Qe7 26. Kb4 Be6 27. Bxg4 Bxg4 28. Nc3 Raf8 29. Raf1 Bc8 30. Ne2 Rh7 31. Nf4 Rfh8 32. Qc1 h4 33. gxh4 Bxf4 34. exf4 Rxh4 35. Rxh4 Rxh4 36. Qe3 Qf6 37. g3 Rh2 38. Kc3 Qe6 39. Rg1 Qh3 40. Nb3 Rh1 41. Qe1 Rxg1 42. Qxg1 Qh5 43. Nd2 Bh3 44. Qe1 Bg2 45. Kc2 Kf6 46. Nb3 Bh3 47. Qe3 Bg4 48. Qe1 Bf5 49. Qe3 Qh1 50. Na5 Bc8 51. Nb3 Qf1 52. Nd2 Qa1 53. f3 Qxa4+ 54. Kc1 Qa1+ 55. Kc2 Kg7 56. fxe4 dxe4 57. Qc3 Qa2+ 58. Kc1 Qd5 59. Nf1 Kg8 60. Ne3 Qa2 61. Qb2 Qa5 62. Kd1 Be6 63. g4 Qa4+ 64. Kc1 Bb3 65. f5 Qb4 66. Qd2 Qa3+ 67. Qb2 Qb4 68. Qd2 1/2-1/2

[Event "Wachtebeke"]
[Site "Wachtebeke"]
[Date "2023.02.23"]
[Round "9"]
[White "Maerevoet, Sim"]
[Black "De Vleeschauwer, Maarten"]
[Result "1/2-1/2"]
[WhiteElo "2425"]
[BlackElo "2265"]
[PlyCount "55"]
[EventDate "2023.02.18"]
[EventType "tourn"]
[EventRounds "9"]
[EventCountry "BEL"]
[EventCategory "4"]
[SourceTitle "CBM 212 Extra"]
[Source "ChessBase"]
[SourceDate "2023.03.31"]
[SourceVersion "1"]
[SourceVersionDate "2023.03.31"]
[SourceQuality "1"]

1. d4 Nf6 2. c4 c5 3. d5 b5 4. cxb5 a6 5. Nc3 axb5 6. e4 b4 7. Nb5 d6 8. Bc4 Nbd7 9. Nf3 Nb6 10. b3 Nxc4 11. bxc4 g6 12. e5 dxe5 13. Nxe5 Bg7 14. Bb2 0-0 15. 0-0 Bd7 16. Nxd7 Qxd7 17. Re1 Ne8 18. Bxg7 Kxg7 19. a3 bxa3 20. Nxa3 Nd6 21. Qd3 Rfb8 22. Qe3 Qc7 23. Qe5+ Kg8 24. h4 Ra7 25. Ra2 Rba8 26. Rea1 Qd7 27. Qe2 Qf5 28. Qe3 1/2-1/2

[Event "Wachtebeke"]
[Site "Wachtebeke"]
[Date "2023.02.20"]
[Round "4"]
[White "Maerevoet, Sim"]
[Black "Milliet, Sophie"]
[Result "0-1"]
[WhiteElo "2425"]
[BlackElo "2376"]
[PlyCount "66"]
[EventDate "2023.02.18"]
[EventType "tourn"]
[EventRounds "9"]
[EventCountry "BEL"]
[EventCategory "4"]
[SourceTitle "CBM 212 Extra"]
[Source "ChessBase"]
[SourceDate "2023.03.31"]
[SourceVersion "1"]
[SourceVersionDate "2023.03.31"]
[SourceQuality "1"]

1. e4 e5 2. Nf3 Nc6 3. c3 d5 4. Qa4 f6 5. d3 Be6 6. Nbd2 Bd6 7. d4 Nge7 8. dxe5 fxe5 9. Ng5 Bg8 10. Be2 h6 11. exd5 Nxd5 12. Bh5+ Kf8 13. Nge4 Nf4 14. Bf3 Nd3+ 15. Ke2 Nf4+ 16. Kf1 Be7 17. g3 Qd3+ 18. Kg1 g5 19. gxf4 gxf4 20. Qd1 Be6 21. h3 Rd8 22. Kh2 h5 23. Qf1 Qd7 24. b3 Kf7 25. Rg1 Bg4 26. Bb2 Rdg8 27. Be2 Kf8 28. f3 Bf5 29. Rxg8+ Rxg8 30. Bc4 Rg3 31. Nxg3 fxg3+ 32. Kxg3 Qxd2 33. Bc1 h4# 0-1

[Event "BEL-chT 2223"]
[Site "Belgium"]
[Date "2023.02.12"]
[Round "7.3"]
[White "Maerevoet, Sim"]
[Black "Seel, Christian"]
[Result "1/2-1/2"]
[WhiteElo "2413"]
[BlackElo "2486"]
[PlyCount "94"]
[EventDate "2022.09.25"]
[EventType "team-tourn"]
[EventRounds "11"]
[EventCountry "BEL"]
[SourceTitle "CBM 213 Extra"]
[Source "ChessBase"]
[SourceDate "2023.05.31"]
[SourceVersion "1"]
[SourceVersionDate "2023.05.31"]
[SourceQuality "1"]
[WhiteTeam "KBSK Brugge"]
[BlackTeam "Eupen Rochade"]
[WhiteTeamCountry "BEL"]
[BlackTeamCountry "BEL"]

1. d4 Nf6 2. Nf3 d5 3. Bf4 e6 4. e3 Bd6 5. Nbd2 0-0 6. Bg3 c5 7. c3 Qc7 8. Bxd6 Qxd6 9. dxc5 Qxc5 10. Bd3 Nc6 11. e4 e5 12. 0-0 Bg4 13. h3 Bh5 14. Re1 Rad8 15. Qc2 Bxf3 16. Nxf3 dxe4 17. Bxe4 Nxe4 18. Rxe4 f5 19. Re2 e4 20. Qb3+ Qd5 21. Ne1 Qxb3 22. axb3 Rfe8 23. Nc2 Kf7 24. Kf1 a6 25. Rae1 g6 26. f3 exf3 27. gxf3 Rxe2 28. Rxe2 Kf6 29. f4 g5 30. fxg5+ Kxg5 31. Kg2 Kf6 32. Rf2 Rg8+ 33. Kf3 Re8 34. Ne3 Re4 35. Nc4 Ne5+ 36. Nxe5 Kxe5 37. Rd2 f4 38. Rd7 Re3+ 39. Kg2 Re2+ 40. Kf3 Re3+ 41. Kg2 Rg3+ 42. Kf2 Rxh3 43. Rxb7 h5 44. Rb6 Rh2+ 45. Kf3 Rh3+ 46. Kf2 Rh2+ 47. Kf3 Rh3+ 1/2-1/2

[Event "BEL-chT 2223"]
[Site "Belgium"]
[Date "2022.09.25"]
[Round "1.1"]
[White "Maerevoet, Sim"]
[Black "Schoppen, Casper"]
[Result "1/2-1/2"]
[WhiteElo "2413"]
[BlackElo "2497"]
[PlyCount "124"]
[EventDate "2022.09.25"]
[EventType "team-tourn"]
[EventRounds "11"]
[EventCountry "BEL"]
[SourceTitle "EXT 2024"]
[Source "ChessBase"]
[SourceDate "2023.10.10"]
[SourceVersion "1"]
[SourceVersionDate "2023.10.10"]
[SourceQuality "1"]
[WhiteTeam "KBSK Brugge"]
[BlackTeam "KGSRL"]
[WhiteTeamCountry "BEL"]
[BlackTeamCountry "BEL"]

1. e4 c5 2. b4 cxb4 3. a3 d5 4. exd5 Qxd5 5. Nf3 e5 6. c4 Qd8 7. Bb2 f6 8. c5 Bxc5 9. axb4 Bb6 10. Bc4 Nh6 11. d4 e4 12. 0-0 exf3 13. Re1+ Kf8 14. b5 g5 15. Qxf3 Kg7 16. Nc3 Bc7 17. Nd5 Bd6 18. Nxf6 Qxf6 19. Qxf6+ Kxf6 20. d5+ Kf7 21. Bxh8 Bf5 22. Be5 Bxe5 23. Rxe5 Kf6 24. Re3 Nf7 25. Be2 Nd7 26. g4 Bg6 27. Re6+ Kg7 28. Re7 Rd8 29. Rxa7 Nc5 30. Bc4 Kf8 31. Rc7 b6 32. h4 gxh4 33. f4 Nd6 34. f5 Bf7 35. Bf1 Re8 36. Rc6 Nce4 37. Rd7 Nc8 38. Bg2 Ng5 39. d6 h3 40. Rxf7+ Nxf7 41. d7 Re1+ 42. Kf2 Na7 43. Rc8+ Ke7 44. Re8+ Kxd7 45. Rxe1 hxg2 46. f6 Nc8 47. Kxg2 Kd6 48. Kg3 Kd5 49. Kf4 Ncd6 50. g5 Nxb5 51. Rh1 Ke6 52. Rxh7 Nc3 53. g6 Nd5+ 54. Kg3 Kxf6 55. gxf7 Ke7 56. Kh4 Nf6 57. f8Q+ Kxf8 58. Rb7 Ke8 59. Rxb6 Ke7 60. Kg5 Ne4+ 61. Kf4 Nd6 62. Rxd6 Kxd6 1/2-1/2

[Event "Olympiad-44"]
[Site "Chennai"]
[Date "2022.08.07"]
[Round "9.3"]
[White "Arvelo Leo, Gian Carlo"]
[Black "Maerevoet, Sim"]
[Result "1/2-1/2"]
[WhiteElo "2176"]
[BlackElo "2409"]
[PlyCount "147"]
[EventDate "2022.07.29"]
[EventType "team-swiss"]
[EventRounds "11"]
[EventCountry "IND"]
[SourceTitle "CBM 210"]
[Source "ChessBase"]
[SourceDate "2022.10.31"]
[SourceVersion "1"]
[SourceVersionDate "2022.10.31"]
[SourceQuality "1"]
[WhiteTeam "Dominican Republic"]
[BlackTeam "Belgium"]
[WhiteTeamCountry "DOM"]
[BlackTeamCountry "BEL"]

1. Nf3 d5 2. g3 g6 3. Bg2 Bg7 4. d4 c6 5. 0-0 Nf6 6. c3 0-0 7. Bf4 Nh5 8. Bc1 Nd7 9. Na3 Nb6 10. Re1 Bf5 11. Nh4 Bg4 12. h3 Be6 13. Nf3 Nf6 14. Bf4 Qc8 15. Kh2 Ne4 16. Rf1 h6 17. Nd2 Nd6 18. Re1 g5 19. Be5 f6 20. Bxd6 exd6 21. e4 dxe4 22. Nxe4 Qd7 23. Nd2 f5 24. Nf3 Nd5 25. c4 Nf6 26. d5 cxd5 27. Nd4 Bf7 28. cxd5 Nxd5 29. Ne6 Nf6 30. Nxf8 Rxf8 31. Rc1 Ne4 32. Re2 d5 33. Qd3 Qd6 34. Nb5 Qb6 35. Rcc2 d4 36. b4 a6 37. Nc7 Nc3 38. Re7 Qxb4 39. Rd7 Qa5 40. Rb2 b6 41. Qxa6 Qxa6 42. Nxa6 b5 43. Nc7 Bc4 44. Nd5 Rf7 45. Rd8+ Kh7 46. Nxc3 dxc3 47. Rc2 Bf6 48. Rd6 Be5 49. Rd8 Bf6 50. Rd6 Be5 51. Rd8 Ra7 52. Bd5 Bf6 53. Bxc4 Bxd8 54. Bxb5 Kg7 55. Rxc3 Rxa2 56. Re3 Rxf2+ 57. Kh1 f4 58. Re2 Rf3 59. gxf4 Rxh3+ 60. Kg2 g4 61. Rd2 Ba5 62. Rd3 Rh4 63. Be8 Kf8 64. Bg6 Kg7 65. Be8 Kf8 66. Bg6 Ke7 67. Rd5 Bc7 68. Rh5 Rxh5 69. Bxh5 Bxf4 70. Bxg4 Bg3 71. Bh5 Bf4 72. Bf3 Bg3 73. Kxg3 h5 74. Bxh5 1/2-1/2

[Event "Ghent op 43rd"]
[Site "Ghent"]
[Date "2022.07.22"]
[Round "6"]
[White "Maerevoet, Sim"]
[Black "Lindam, Ingo"]
[Result "1-0"]
[WhiteElo "2409"]
[BlackElo "2130"]
[PlyCount "51"]
[EventDate "2022.07.20"]
[EventType "swiss"]
[EventRounds "9"]
[EventCountry "BEL"]
[SourceTitle "CBM 209 Extra"]
[Source "ChessBase"]
[SourceDate "2022.09.30"]
[SourceVersion "1"]
[SourceVersionDate "2022.09.30"]
[SourceQuality "1"]

1. e4 c5 2. Nf3 Nc6 3. d4 cxd4 4. Nxd4 e6 5. Nc3 Qc7 6. a3 a6 7. g4 Nf6 8. Nxc6 dxc6 9. g5 Nd7 10. Be3 e5 11. Qf3 b5 12. h4 Nc5 13. h5 Be6 14. 0-0-0 Rb8 15. Bh3 b4 16. axb4 Rxb4 17. g6 hxg6 18. hxg6 Rxh3 19. Rxh3 Qa5 20. Rh8 Nb3+ 21. cxb3 Qa1+ 22. Nb1 Rxb3 23. gxf7+ Bxf7 24. Rxf8+ Kxf8 25. Rd8+ Ke7 26. Bg5+ 1-0

[Event "Ghent op 43rd"]
[Site "Ghent"]
[Date "2022.07.20"]
[Round "1"]
[White "Dhooge, Servaas"]
[Black "Maerevoet, Sim"]
[Result "0-1"]
[WhiteElo "1795"]
[BlackElo "2409"]
[PlyCount "44"]
[EventDate "2022.07.20"]
[EventType "swiss"]
[EventRounds "9"]
[EventCountry "BEL"]
[SourceTitle "CBM 209 Extra"]
[Source "ChessBase"]
[SourceDate "2022.09.30"]
[SourceVersion "1"]
[SourceVersionDate "2022.09.30"]
[SourceQuality "1"]

1. e4 c5 2. c3 g6 3. d4 d5 4. dxc5 dxe4 5. Qxd8+ Kxd8 6. Be3 e5 7. Nd2 f5 8. Rd1 Nd7 9. f4 Bh6 10. Nh3 Ngf6 11. Nc4 Ng4 12. Bc1 Ke7 13. b3 Nxc5 14. Ba3 b6 15. fxe5 Be6 16. Nf2 Ne3 17. Nxe3 Bxe3 18. g3 Kf7 19. c4 a5 20. Bh3 a4 21. b4 Bxf2+ 22. Kxf2 Nd3+ 0-1

[Event "Ghent op 43rd"]
[Site "Ghent"]
[Date "2022.07.20"]
[Round "2"]
[White "Maerevoet, Sim"]
[Black "Wubben, Marcel"]
[Result "1-0"]
[WhiteElo "2409"]
[BlackElo "2012"]
[PlyCount "107"]
[EventDate "2022.07.20"]
[EventType "swiss"]
[EventRounds "9"]
[EventCountry "BEL"]
[SourceTitle "CBM 209 Extra"]
[Source "ChessBase"]
[SourceDate "2022.09.30"]
[SourceVersion "1"]
[SourceVersionDate "2022.09.30"]
[SourceQuality "1"]

1. e4 e6 2. d4 d5 3. Nc3 Bb4 4. exd5 exd5 5. Bd3 Nc6 6. a3 Bxc3+ 7. bxc3 Be6 8. Qf3 Qh4 9. Ne2 0-0-0 10. Nf4 Nf6 11. Qg3 Qxg3 12. hxg3 h6 13. f3 g5 14. Ne2 Ne7 15. g4 Rdf8 16. Ng3 Ne8 17. a4 Nd6 18. Ba3 f5 19. gxf5 Nexf5 20. Kf2 Kd7 21. Rae1 Nxg3 22. Kxg3 Rf6 23. Re5 Rhf8 24. a5 R8f7 25. Rhe1 Rg7 26. a6 bxa6 27. Bc5 h5 28. Rh1 h4+ 29. Kf2 h3 30. gxh3 g4 31. hxg4 Bxg4 32. Rg1 Rxf3+ 33. Ke1 c6 34. Bxd6 Kxd6 35. Be2 Rf4 36. Re3 Bxe2 37. Rxg7 Bb5 38. Reg3 Rf6 39. Rxa7 Rf1+ 40. Kd2 Ke6 41. Rg6+ Rf6 42. Rgg7 Kf5 43. Rae7 Kf4 44. Rgf7 Kf5 45. Rg7 a5 46. Kc1 a4 47. Kb2 Re6 48. Rgf7+ Rf6 49. Re5+ Kg6 50. Rxf6+ Kxf6 51. Ka3 Kf7 52. Kb4 Kf6 53. Re1 Kf5 54. c4 1-0